[Event "CAN-op U2200"]
[Site "Sault Ste Marie CAN"]
[Date "2017.07.14"]
[Round "7"]
[White "Aniunoh, Chike Jude"]
[Black "Javidfard, Amirsalar"]
[Result "1/2-1/2"]
[WhiteElo "2153"]
[BlackElo "1958"]
[WhiteFideId "-1"]
[WhiteFideId "-1"]
[PlyCount "129"]
[GameId "2160767908344316"]
[EventDate "2017.07.08"]
[EventType "swiss"]
[EventRounds "9"]
[EventCountry "CAN"]
[SourceTitle "EXT 2022"]
[Source "ChessBase"]
[SourceDate "2021.10.06"]
[SourceVersion "1"]
[SourceVersionDate "2021.10.06"]
[SourceQuality "1"]

1. d4 Nf6 2. Nf3 e6 3. e3 b6 4. Bd3 Bb7 5. Nbd2 c5 6. Qe2 d5 7. b3 Bd6 8. Bb2 O-O 9. Ne5 Ne4 10. Bxe4 dxe4 11. dxc5 Bxc5 12. Qg4 f5 13. Qe2 Bb4 14. a3 Ba6 15. c4 Bd6 16. f4 exf3 17. Ndxf3 Bb7 18. O-O Qc7 19. Rad1 Nc6 20. Rxd6 Qxd6 21. Rd1 Qc7 22. Rd7 Qc8 23. Qd2 Rf6 24. Qd6 Nxe5 25. Nxe5 Be4 26. Ng4 Rg6 27. Nf6+ Kh8 28. Nxe4 fxe4 29. Qd4 Qf8 30. b4 Rf6 31. h3 Rf7 32. Rxf7 Qxf7 33. Qxe4 Rf8 34. Bd4 h6 35. c5 bxc5 36. bxc5 Qd7 37. c6 Qd5 38. Qg6 e5 39. Qh5 Qxc6 40. Qxe5 Qd7 41. Qc5 Rf7 42. Qe5 Kh7 43. Qe4+ Qf5 44. Qxf5+ Rxf5 45. Bxa7 Ra5 46. Bd4 Rxa3 47. Kf2 g6 48. Kf3 Kg8 49. h4 Ra5 50. g4 Kf7 51. Kf4 Rb5 52. Ba7 Rb1 53. Bd4 Rc1 54. Kf3 Rg1 55. Kf4 h5 56. gxh5 gxh5 57. e4 Rg4+ 58. Kf5 Rxh4 59. Bf6 Rg4 60. Bg5 Ke8 61. Bf6 Kf7 62. Bg5 Rg1 63. Bh4 Ra1 64. Kg5 Ra5+ 65. Kh6 1/2-1/2

[Event "CAN-op U2200"]
[Site "Sault Ste Marie CAN"]
[Date "2017.07.14"]
[Round "7"]
[White "Chernik, Dmitry"]
[Black "Zhao, Ian"]
[Result "0-1"]
[WhiteElo "2041"]
[BlackElo "1930"]
[WhiteFideId "-1"]
[WhiteFideId "-1"]
[PlyCount "76"]
[GameId "2160767908344317"]
[EventDate "2017.07.08"]
[EventType "swiss"]
[EventRounds "9"]
[EventCountry "CAN"]
[SourceTitle "EXT 2022"]
[Source "ChessBase"]
[SourceDate "2021.10.06"]
[SourceVersion "1"]
[SourceVersionDate "2021.10.06"]
[SourceQuality "1"]

1. e4 e5 2. Nf3 Nc6 3. Bc4 Bc5 4. b4 Bxb4 5. c3 Ba5 6. d4 exd4 7. O-O d3 8. Qb3 Qe7 9. Ba3 d6 10. e5 Kd8 11. Re1 Bd7 12. Bxf7 Nh6 13. Bd5 Bb6 14. exd6 Qf6 15. Nbd2 Nf5 16. Nc4 Nxd6 17. Nxd6 cxd6 18. Be6 Re8 19. Bxd7 Kxd7 20. Qd5 Kc7 21. Qxd3 g6 22. Red1 Rad8 23. Nd4 Nxd4 24. cxd4 Bxd4 25. Qc2+ Kb8 26. Rab1 Bb6 27. Rbc1 Rf8 28. Rd2 Rfe8 29. Rcd1 d5 30. h3 d4 31. Rd3 Qe5 32. Bb2 Rd7 33. Re3 Qh8 34. Qd3 Rxe3 35. fxe3 dxe3 36. Bxh8 Rxd3 37. Be5+ Ka8 38. Rc1 Rd1+ 0-1

[Event "CAN-op U2200"]
[Site "Sault Ste Marie CAN"]
[Date "2017.07.14"]
[Round "7"]
[White "Drkulec, Vladimir"]
[Black "Botez, Andrea"]
[Result "1/2-1/2"]
[WhiteElo "2000"]
[BlackElo "1887"]
[WhiteFideId "-1"]
[WhiteFideId "-1"]
[PlyCount "66"]
[GameId "2160767908344318"]
[EventDate "2017.07.08"]
[EventType "swiss"]
[EventRounds "9"]
[EventCountry "CAN"]
[SourceTitle "EXT 2022"]
[Source "ChessBase"]
[SourceDate "2021.10.06"]
[SourceVersion "1"]
[SourceVersionDate "2021.10.06"]
[SourceQuality "1"]

1. Nf3 d6 2. b3 Nf6 3. Bb2 g6 4. g3 Bg7 5. Bg2 e5 6. O-O O-O 7. c4 c6 8. d3 a5 9. c5 Bg4 10. cxd6 Bxf3 11. Bxf3 Qxd6 12. Nd2 Nd5 13. Qc1 Qe6 14. Ne4 Na6 15. Qd2 f5 16. Nc3 Nac7 17. Na4 Nb5 18. Bg2 f4 19. Nc5 Qe7 20. Ne4 Nd4 21. Nc3 f3 22. Nxd5 cxd5 23. exf3 Nxf3+ 24. Bxf3 Rxf3 25. Kg2 Rf5 26. Rae1 Qd7 27. f4 exf4 28. Bxg7 Qxg7 29. Rxf4 Rxf4 30. Qxf4 Rf8 31. Qe5 Qf7 32. Qe6 Kg7 33. Qe5+ Kg8 1/2-1/2

[Event "CAN-op U2200"]
[Site "Sault Ste Marie CAN"]
[Date "2017.07.14"]
[Round "7"]
[White "Ellis, James"]
[Black "Wang, Jeff"]
[Result "1/2-1/2"]
[WhiteElo "1853"]
[BlackElo "1939"]
[WhiteFideId "-1"]
[WhiteFideId "-1"]
[PlyCount "38"]
[GameId "2160767908344319"]
[EventDate "2017.07.08"]
[EventType "swiss"]
[EventRounds "9"]
[EventCountry "CAN"]
[SourceTitle "EXT 2022"]
[Source "ChessBase"]
[SourceDate "2021.10.06"]
[SourceVersion "1"]
[SourceVersionDate "2021.10.06"]
[SourceQuality "1"]

1. d4 Nf6 2. c4 e6 3. Nf3 b6 4. a3 c5 5. Nc3 cxd4 6. Nxd4 Bb7 7. f3 Be7 8. e4 d6 9. Be3 a6 10. Qd2 Qc7 11. Be2 Nbd7 12. O-O Rc8 13. Rac1 O-O 14. Rfd1 Rfd8 15. Bf1 Qb8 16. Qf2 Re8 17. Kh1 Kh8 18. Nce2 Rg8 19. Qg3 g5 1/2-1/2

[Event "CAN-op U2200"]
[Site "Sault Ste Marie CAN"]
[Date "2017.07.14"]
[Round "7"]
[White "Gaisinsky, Adam"]
[Black "Calvelo, Jelvis"]
[Result "1/2-1/2"]
[WhiteElo "2056"]
[BlackElo "2187"]
[WhiteFideId "-1"]
[WhiteFideId "-1"]
[PlyCount "171"]
[GameId "2160767908344320"]
[EventDate "2017.07.08"]
[EventType "swiss"]
[EventRounds "9"]
[EventCountry "CAN"]
[SourceTitle "EXT 2022"]
[Source "ChessBase"]
[SourceDate "2021.10.06"]
[SourceVersion "1"]
[SourceVersionDate "2021.10.06"]
[SourceQuality "1"]

1. e4 e6 2. d3 d5 3. Nd2 b6 4. g3 Bb7 5. Bg2 Nf6 6. e5 Nfd7 7. Ngf3 c5 8. O-O Nc6 9. Re1 g5 10. c4 d4 11. h3 h6 12. Nh2 Qc7 13. f4 gxf4 14. gxf4 Rg8 15. Ne4 O-O-O 16. Kh1 Rg6 17. Bd2 Be7 18. Qh5 Rdg8 19. Rg1 f5 20. exf6 Nxf6 21. Nxf6 Bxf6 22. Be4 Ne7 23. Ng4 Bxe4+ 24. dxe4 Qc6 25. Nxf6 Rxf6 26. Rxg8+ Nxg8 27. Re1 Ne7 28. Qh4 Ng8 29. Qg4 Rf8 30. Qg7 Re8 31. b3 Qd7 32. Qg6 Rf8 33. Rg1 Qe8 34. Qg7 Qe7 35. Qxe7 Nxe7 36. Rg7 Kd7 37. Kg2 Rg8 38. Rg4 Ke8 39. Kf3 Kf7 40. Be1 h5 41. Rxg8 Kxg8 42. a3 Kf7 43. Bh4 Nc6 44. Be1 Kg6 45. Bd2 a6 46. h4 Kf6 47. Be1 Ne7 48. Bg3 Ng6 49. Ke2 Ne7 50. Kd3 Nc6 51. Be1 Ne7 52. Bg3 Ng6 53. Ke2 e5 54. f5 Nh8 55. Be1 Nf7 56. Bd2 Ke7 57. Kd3 Kd7 58. Kc2 Kd6 59. Kd3 Kc6 60. Kc2 b5 61. Kd3 Nd6 62. Be1 Kb6 63. Bd2 Kc6 64. Be1 Nf7 65. Bd2 bxc4+ 66. bxc4 Kd6 67. Kc2 Ke7 68. Kd3 Kd7 69. Kc2 Nd6 70. Kd3 Nf7 71. Kc2 Nd8 72. Kd3 Nc6 73. Be1 Ke7 74. Bd2 Kf7 75. Be1 Ne7 76. Bd2 Nc6 77. Be1 Ke7 78. Bd2 Kd7 79. Be1 Nd8 80. Bd2 Nf7 81. Kc2 Ke7 82. Kd3 Kd7 83. Kc2 Nd6 84. Kd3 Ne8 85. Bg5 Nd6 86. Bd2 1/2-1/2

[Event "CAN-op U2200"]
[Site "Sault Ste Marie CAN"]
[Date "2017.07.14"]
[Round "7"]
[White "Kang, Dorian"]
[Black "Ranola, Alberto"]
[Result "1-0"]
[WhiteElo "2026"]
[BlackElo "2075"]
[WhiteFideId "-1"]
[WhiteFideId "-1"]
[PlyCount "103"]
[GameId "2160767908344321"]
[EventDate "2017.07.08"]
[EventType "swiss"]
[EventRounds "9"]
[EventCountry "CAN"]
[SourceTitle "EXT 2022"]
[Source "ChessBase"]
[SourceDate "2021.10.06"]
[SourceVersion "1"]
[SourceVersionDate "2021.10.06"]
[SourceQuality "1"]

1. c4 Nf6 2. Nc3 g6 3. e4 d6 4. d4 Bg7 5. f4 O-O 6. Nf3 c5 7. Be2 cxd4 8. Nxd4 Nc6 9. Be3 Bd7 10. O-O Rc8 11. Rc1 a6 12. b3 Re8 13. Kh1 Nxd4 14. Bxd4 Bc6 15. Bf3 Qa5 16. Qe2 Bh6 17. Be3 Bg7 18. Bd4 Bh6 19. Be3 Bf8 20. g4 Bg7 21. Bd4 e5 22. fxe5 dxe5 23. Be3 b5 24. g5 Nd7 25. cxb5 axb5 26. Rfd1 Bf8 27. Bg4 Red8 28. Kg1 Qa8 29. Bxd7 Rxd7 30. Rxd7 Bxd7 31. Nd5 Rxc1+ 32. Bxc1 Bc6 33. Nf6+ Kg7 34. Bb2 Bc5+ 35. Kf1 Qb8 36. Ng4 Bd4 37. Bxd4 exd4 38. Qf3 Qd6 39. Qf6+ Qxf6+ 40. Nxf6 h6 41. h4 hxg5 42. hxg5 b4 43. Ke2 Bb5+ 44. Kd2 Kf8 45. Nd5 Bc6 46. Kd3 Bxd5 47. exd5 f6 48. gxf6 Kf7 49. Kxd4 Kxf6 50. Kc5 Ke7 51. Kxb4 g5 52. Kc4 1-0

[Event "CAN-op U2200"]
[Site "Sault Ste Marie CAN"]
[Date "2017.07.14"]
[Round "7"]
[White "Kiviaho, Robert"]
[Black "Xu, Ruoying"]
[Result "1-0"]
[WhiteElo "2191"]
[BlackElo "2064"]
[WhiteFideId "-1"]
[WhiteFideId "-1"]
[PlyCount "87"]
[GameId "2160767908344322"]
[EventDate "2017.07.08"]
[EventType "swiss"]
[EventRounds "9"]
[EventCountry "CAN"]
[SourceTitle "EXT 2022"]
[Source "ChessBase"]
[SourceDate "2021.10.06"]
[SourceVersion "1"]
[SourceVersionDate "2021.10.06"]
[SourceQuality "1"]

1. e4 e5 2. f4 Bc5 3. Nf3 d6 4. Bc4 Nf6 5. d3 Nc6 6. c3 O-O 7. Qe2 a6 8. fxe5 dxe5 9. Be3 Bxe3 10. Qxe3 Qe7 11. Nbd2 Ng4 12. Qe2 Bd7 13. a3 Rab8 14. b4 Nd8 15. Nf1 Ne6 16. Bxe6 Qxe6 17. h3 Nh6 18. Ng3 f5 19. Qa2 fxe4 20. Qxe6+ Bxe6 21. dxe4 Nf7 22. O-O Rbd8 23. Rad1 Bb3 24. Rd2 Rfe8 25. Rxd8 Rxd8 26. Rc1 b5 27. c4 Rd3 28. cxb5 axb5 29. Rxc7 Nd6 30. Nf5 Nxf5 31. Rc8+ Kf7 32. Nxe5+ Ke6 33. Nxd3 Nd4 34. Nc5+ Ke5 35. Re8+ Kf4 36. Nxb3 Nxb3 37. Re7 g5 38. Kf2 g4 39. g3+ Kg5 40. Re5+ Kf6 41. Rxb5 gxh3 42. Rh5 Nd4 43. Rxh3 Ke5 44. Rh5+ 1-0

[Event "CAN-op U2200"]
[Site "Sault Ste Marie CAN"]
[Date "2017.07.14"]
[Round "7"]
[White "Kuryliw, Ray"]
[Black "Wu, Chenxi"]
[Result "1-0"]
[WhiteElo "1838"]
[BlackElo "1904"]
[WhiteFideId "-1"]
[WhiteFideId "-1"]
[PlyCount "79"]
[GameId "2160767908344323"]
[EventDate "2017.07.08"]
[EventType "swiss"]
[EventRounds "9"]
[EventCountry "CAN"]
[SourceTitle "EXT 2022"]
[Source "ChessBase"]
[SourceDate "2021.10.06"]
[SourceVersion "1"]
[SourceVersionDate "2021.10.06"]
[SourceQuality "1"]

1. f4 c5 2. e3 Nf6 3. b3 Nc6 4. Bb2 d5 5. Bb5 Bd7 6. Nf3 g6 7. O-O Bg7 8. d3 Qb6 9. Bxc6 Bxc6 10. Ne5 d4 11. Nxc6 bxc6 12. e4 c4 13. Na3 c3 14. Bc1 O-O 15. Nc4 Qc7 16. Qf3 Nd7 17. a4 Nb6 18. Ne5 f5 19. exf5 Rxf5 20. Nxc6 Rc8 21. Nb4 Qd6 22. Ba3 a5 23. Na6 Qf6 24. Qb7 Re8 25. Nc5 h5 26. Ne4 Qe6 27. Rae1 Nd5 28. Ng3 Ne3 29. Nxf5 Qxf5 30. Rf2 Bf6 31. Qe4 Qg4 32. Bc1 Bh4 33. Bxe3 dxe3 34. Qxe3 Bxf2+ 35. Qxf2 Rf8 36. Rxe7 Rxf4 37. Qe2 Qg5 38. Qe6+ Kf8 39. Re8+ Kg7 40. Qe7+ 1-0

[Event "CAN-op U2200"]
[Site "Sault Ste Marie CAN"]
[Date "2017.07.14"]
[Round "7"]
[White "Li, Eric M"]
[Black "Konovalenko, Sasha"]
[Result "1/2-1/2"]
[WhiteElo "1992"]
[BlackElo "1982"]
[WhiteFideId "-1"]
[WhiteFideId "-1"]
[PlyCount "63"]
[GameId "2160767908344326"]
[EventDate "2017.07.08"]
[EventType "swiss"]
[EventRounds "9"]
[EventCountry "CAN"]
[SourceTitle "EXT 2022"]
[Source "ChessBase"]
[SourceDate "2021.10.06"]
[SourceVersion "1"]
[SourceVersionDate "2021.10.06"]
[SourceQuality "1"]

1. d4 d5 2. Bf4 Bf5 3. Nf3 Nf6 4. e3 e6 5. Bd3 Bxd3 6. cxd3 Bd6 7. Bg3 Nbd7 8. Qb3 Nb6 9. Nc3 c6 10. Rc1 O-O 11. O-O h6 12. Na4 Nxa4 13. Qxa4 Re8 14. b4 a6 15. Qb3 Bxg3 16. hxg3 Nd7 17. a4 Qb6 18. Rb1 Rec8 19. Rfc1 Rc7 20. Qc3 a5 21. b5 Rac8 22. Qa3 c5 23. dxc5 Rxc5 24. d4 Rc4 25. Rxc4 Rxc4 26. Rc1 Qc7 27. Rxc4 dxc4 28. Qc3 Nb6 29. Nd2 Nxa4 30. Qxc4 Qxc4 31. Nxc4 b6 32. Kf1 1/2-1/2

[Event "CAN-op U2200"]
[Site "Sault Ste Marie CAN"]
[Date "2017.07.14"]
[Round "7"]
[White "Piccinin, Mario"]
[Black "Ning, Eric"]
[Result "0-1"]
[WhiteElo "1826"]
[BlackElo "1922"]
[WhiteFideId "-1"]
[WhiteFideId "-1"]
[PlyCount "72"]
[GameId "2160767908344327"]
[EventDate "2017.07.08"]
[EventType "swiss"]
[EventRounds "9"]
[EventCountry "CAN"]
[SourceTitle "EXT 2022"]
[Source "ChessBase"]
[SourceDate "2021.10.06"]
[SourceVersion "1"]
[SourceVersionDate "2021.10.06"]
[SourceQuality "1"]

1. f4 Nf6 2. Nf3 g6 3. e3 Bg7 4. Be2 c5 5. O-O Nc6 6. d3 d5 7. Nc3 e6 8. Qe1 b6 9. e4 d4 10. Nd1 Bb7 11. Bd2 Nd7 12. f5 e5 13. Ng5 Nf6 14. Qg3 Qe7 15. a3 a5 16. b3 O-O-O 17. Nb2 Kc7 18. Nc4 Bc8 19. Rab1 gxf5 20. exf5 Nd5 21. Ne4 Rhg8 22. Qf2 Bf6 23. Bf3 Bh4 24. g3 Rg7 25. Bg2 Bf6 26. Bh6 Rgg8 27. Qf3 Bb7 28. g4 Qd7 29. Ned6 Nc3 30. Rbe1 Ba8 31. Qg3 b5 32. Bxc6 Bxc6 33. Ne4 Nxe4 34. Nxe5 Nxg3 35. Nxd7 Ne2+ 36. Rxe2 Rxg4+ 0-1

[Event "CAN-op U2200"]
[Site "Sault Ste Marie CAN"]
[Date "2017.07.14"]
[Round "7"]
[White "Saine, Zachary"]
[Black "Ehab, Mohamed"]
[Result "0-1"]
[WhiteElo "1966"]
[BlackElo "2057"]
[WhiteFideId "-1"]
[WhiteFideId "-1"]
[PlyCount "90"]
[GameId "2160767908344328"]
[EventDate "2017.07.08"]
[EventType "swiss"]
[EventRounds "9"]
[EventCountry "CAN"]
[SourceTitle "EXT 2022"]
[Source "ChessBase"]
[SourceDate "2021.10.06"]
[SourceVersion "1"]
[SourceVersionDate "2021.10.06"]
[SourceQuality "1"]

1. e4 d6 2. d4 Nf6 3. Nc3 Nbd7 4. f4 e5 5. dxe5 dxe5 6. fxe5 Nxe5 7. Qxd8+ Kxd8 8. Nf3 Bd6 9. Bg5 c6 10. O-O-O Kc7 11. Bxf6 gxf6 12. Nxe5 Bxe5 13. Bd3 Be6 14. a3 Rag8 15. g3 h5 16. Ne2 h4 17. Rhg1 hxg3 18. hxg3 b5 19. b3 Rh2 20. Rdf1 Bg4 21. Nf4 Rgh8 22. Re1 Bc3 23. Ref1 Bd4 24. Rg2 Rh1 25. Kd2 Rxf1 26. Bxf1 Bf3 27. Ne2 Bxg2 28. Bxg2 Be5 29. g4 a5 30. Bf3 Kd6 31. c3 Rh2 32. Ke3 c5 33. b4 a4 34. g5 cxb4 35. cxb4 fxg5 36. Bg4 Rh1 37. Nd4 Bxd4+ 38. Kxd4 f6 39. Bf3 Ra1 40. Be2 Rxa3 41. Bxb5 g4 42. Bf1 g3 43. b5 Rb3 44. Kc4 Rb1 45. Bh3 a3 0-1

[Event "CAN-op U2200"]
[Site "Sault Ste Marie CAN"]
[Date "2017.07.14"]
[Round "7"]
[White "Shah, Omar"]
[Black "Zapata, Julian"]
[Result "0-1"]
[WhiteElo "1879"]
[BlackElo "1876"]
[WhiteFideId "-1"]
[WhiteFideId "-1"]
[PlyCount "70"]
[GameId "2160767908344330"]
[EventDate "2017.07.08"]
[EventType "swiss"]
[EventRounds "9"]
[EventCountry "CAN"]
[SourceTitle "EXT 2022"]
[Source "ChessBase"]
[SourceDate "2021.10.06"]
[SourceVersion "1"]
[SourceVersionDate "2021.10.06"]
[SourceQuality "1"]

1. Nf3 d5 2. e3 Bg4 3. Be2 Nf6 4. b3 Nc6 5. Bb2 e6 6. O-O Bd6 7. d4 h5 8. Nbd2 g5 9. c4 Ne4 10. Nxe4 dxe4 11. Nd2 f5 12. c5 Bf4 13. d5 Be5 14. dxc6 Bxb2 15. cxb7 Rb8 16. Bb5+ Kf7 17. Qc2 Bxa1 18. Rxa1 Rxb7 19. Bc6 Rb8 20. Nc4 Qf6 21. Rf1 h4 22. f3 exf3 23. gxf3 Bh3 24. Re1 Rbd8 25. e4 Qd4+ 26. Qf2 Qxf2+ 27. Kxf2 fxe4 28. fxe4 Kg7 29. Ke3 Bg2 30. Ne5 Rhf8 31. b4 Rf1 32. Re2 h3 33. Bd7 g4 34. c6 g3 35. Ng4 Bf3 0-1

[Event "CAN-op U2200"]
[Site "Sault Ste Marie CAN"]
[Date "2017.07.14"]
[Round "7"]
[White "Villeneuve, Robert"]
[Black "Groot-Lipman, Jeff"]
[Result "1-0"]
[WhiteElo "1865"]
[BlackElo "1909"]
[WhiteFideId "-1"]
[WhiteFideId "-1"]
[PlyCount "93"]
[GameId "2160767908344331"]
[EventDate "2017.07.08"]
[EventType "swiss"]
[EventRounds "9"]
[EventCountry "CAN"]
[SourceTitle "EXT 2022"]
[Source "ChessBase"]
[SourceDate "2021.10.06"]
[SourceVersion "1"]
[SourceVersionDate "2021.10.06"]
[SourceQuality "1"]

1. e4 e6 2. d4 d5 3. Nd2 Nf6 4. e5 Nfd7 5. c3 c5 6. f4 Nc6 7. Ndf3 cxd4 8. cxd4 f6 9. Bd3 Be7 10. Ne2 f5 11. Rg1 h5 12. g3 g6 13. h3 Nf8 14. Bd2 Bd7 15. a3 Rc8 16. Rc1 a6 17. Kf2 Nb8 18. Qb3 Rxc1 19. Rxc1 Bc6 20. Rg1 Nbd7 21. g4 hxg4 22. hxg4 Nb8 23. gxf5 gxf5 24. Ng5 b5 25. Bb4 Bd7 26. Bxe7 Qxe7 27. Qd1 Nc6 28. Rh1 Rxh1 29. Qxh1 Kd8 30. Ke3 Kc7 31. Qe1 Nh7 32. Nf3 Nf8 33. Nc3 Kb6 34. Bxf5 b4 35. axb4 Nxb4 36. Bd3 Nxd3 37. Kxd3 Bb5+ 38. Nxb5 Qh7+ 39. Kc3 axb5 40. Ng5 Qc7+ 41. Kd2 Qc4 42. Qe3 b4 43. Qd3 Qa2 44. Kc2 Qc4+ 45. Qxc4 dxc4 46. d5 Kc7 47. Nxe6+ 1-0

[Event "CAN-op U2200"]
[Site "Sault Ste Marie CAN"]
[Date "2017.07.14"]
[Round "7"]
[White "Warusawitharana, Missaka N"]
[Black "Aird, Ian"]
[Result "1/2-1/2"]
[WhiteElo "2178"]
[BlackElo "1978"]
[WhiteFideId "-1"]
[WhiteFideId "-1"]
[PlyCount "95"]
[GameId "2160767908344332"]
[EventDate "2017.07.08"]
[EventType "swiss"]
[EventRounds "9"]
[EventCountry "CAN"]
[SourceTitle "EXT 2022"]
[Source "ChessBase"]
[SourceDate "2021.10.06"]
[SourceVersion "1"]
[SourceVersionDate "2021.10.06"]
[SourceQuality "1"]

1. e4 e6 2. d3 d5 3. Nd2 Nf6 4. Ngf3 Nc6 5. e5 Nd7 6. d4 f6 7. exf6 Qxf6 8. Nb3 Bd6 9. Be3 e5 10. Be2 e4 11. Ng1 O-O 12. Qd2 a5 13. a4 Nb6 14. h4 Nc4 15. Bxc4 dxc4 16. Nc1 Nb4 17. Nce2 Bd7 18. Nc3 Rfe8 19. Nge2 c6 20. Nf4 Bf5 21. Nfe2 Nd5 22. Nxd5 cxd5 23. c3 Rf8 24. Bf4 Bd7 25. g3 Bg4 26. Bxd6 Qxd6 27. Nf4 Rae8 28. Ng2 Bf3 29. Rg1 Bxg2 30. Rxg2 Qf6 31. O-O-O Qf3 32. Rdg1 Rf6 33. Rh2 e3 34. fxe3 Rxe3 35. Re1 Rfe6 36. Rxe3 Rxe3 37. Rg2 Qe4 38. Rg1 Re2 39. Qd1 Qe3+ 40. Kb1 Qf2 41. Qc1 Rxb2+ 42. Qxb2 Qxg1+ 43. Ka2 Qxg3 44. Qxb7 Qxc3 45. Qxd5+ Kf8 46. Qf5+ Ke7 47. Qe5+ Kf7 48. Qf5+ 1/2-1/2

[Event "CAN-op U2200"]
[Site "Sault Ste Marie CAN"]
[Date "2017.07.15"]
[Round "8"]
[White "Aird, Ian"]
[Black "Zapata, Julian"]
[Result "0-1"]
[WhiteElo "1978"]
[BlackElo "1876"]
[WhiteFideId "-1"]
[WhiteFideId "-1"]
[PlyCount "68"]
[GameId "2160767908344333"]
[EventDate "2017.07.08"]
[EventType "swiss"]
[EventRounds "9"]
[EventCountry "CAN"]
[SourceTitle "EXT 2022"]
[Source "ChessBase"]
[SourceDate "2021.10.06"]
[SourceVersion "1"]
[SourceVersionDate "2021.10.06"]
[SourceQuality "1"]

1. c4 Nf6 2. Nc3 e5 3. Nf3 Nc6 4. d4 exd4 5. Nxd4 Bc5 6. Nxc6 bxc6 7. g3 d5 8. Bg2 Bb7 9. O-O h6 10. Qb3 Rb8 11. cxd5 cxd5 12. Rd1 O-O 13. Bf4 Qe7 14. Qc2 Rbd8 15. Rac1 c6 16. Na4 Bd6 17. Bxd6 Rxd6 18. Nc5 Ba8 19. e3 Rb8 20. Rd4 Nd7 21. b3 Nxc5 22. Qxc5 Re6 23. Ra4 Qxc5 24. Rxc5 Re7 25. Rca5 Rbb7 26. Kf1 Rbc7 27. Rb4 Kf8 28. Ke2 Rb7 29. Rxb7 Rxb7 30. Kd3 Ke7 31. Kc3 Kd6 32. b4 Kc7 33. Ra6 Kb8 34. Rxc6 Rd7 0-1

[Event "CAN-op U2200"]
[Site "Sault Ste Marie CAN"]
[Date "2017.07.15"]
[Round "8"]
[White "Aniunoh, Chike Jude"]
[Black "Gaisinsky, Adam"]
[Result "1-0"]
[WhiteElo "2153"]
[BlackElo "2056"]
[WhiteFideId "-1"]
[WhiteFideId "-1"]
[PlyCount "125"]
[GameId "2160767908344334"]
[EventDate "2017.07.08"]
[EventType "swiss"]
[EventRounds "9"]
[EventCountry "CAN"]
[SourceTitle "EXT 2022"]
[Source "ChessBase"]
[SourceDate "2021.10.06"]
[SourceVersion "1"]
[SourceVersionDate "2021.10.06"]
[SourceQuality "1"]

1. d4 Nf6 2. c4 e6 3. g3 d5 4. Bg2 Be7 5. Nf3 O-O 6. cxd5 exd5 7. O-O Bf5 8. Qb3 b6 9. Nc3 c6 10. Ne5 Ne4 11. Rd1 Nxc3 12. Qxc3 Qd6 13. Bf4 Qe6 14. Rac1 Rc8 15. Qe3 f6 16. g4 Be4 17. Nd3 Kf7 18. Bh3 g5 19. Bg3 Nd7 20. f4 h6 21. Rf1 Kg7 22. Nf2 Bf5 23. Rc3 Qxe3 24. Rxe3 Be4 25. Nxe4 dxe4 26. Rxe4 Re8 27. Bg2 Rad8 28. fxg5 fxg5 29. Re6 Bf6 30. Rxe8 Rxe8 31. Bxc6 Bxd4+ 32. Bf2 Bxf2+ 33. Rxf2 Re7 34. Bxd7 Rxd7 35. Kg2 Rd4 36. h3 Kg6 37. e3 Re4 38. Rf3 h5 39. gxh5+ Kxh5 40. b3 Re7 41. Kf2 g4 42. hxg4+ Kxg4 43. Rf4+ Kg5 44. Ke2 Rd7 45. Rf2 Kg6 46. e4 Rd4 47. Ke3 Rd7 48. e5 Rf7 49. Rxf7 Kxf7 50. Ke4 Ke6 51. b4 a6 52. a4 a5 53. b5 Ke7 54. Kd5 Kd7 55. e6+ Ke7 56. Kc6 Kxe6 57. Kxb6 Kd6 58. Kxa5 Kc7 59. b6+ Kb7 60. Kb5 Kb8 61. Kc6 Ka8 62. b7+ Kb8 63. a5 1-0

[Event "CAN-op U2200"]
[Site "Sault Ste Marie CAN"]
[Date "2017.07.15"]
[Round "8"]
[White "Botez, Andrea"]
[Black "Warusawitharana, Missaka N"]
[Result "0-1"]
[WhiteElo "1887"]
[BlackElo "2178"]
[WhiteFideId "-1"]
[WhiteFideId "-1"]
[PlyCount "72"]
[GameId "2160767908344336"]
[EventDate "2017.07.08"]
[EventType "swiss"]
[EventRounds "9"]
[EventCountry "CAN"]
[SourceTitle "EXT 2022"]
[Source "ChessBase"]
[SourceDate "2021.10.06"]
[SourceVersion "1"]
[SourceVersionDate "2021.10.06"]
[SourceQuality "1"]

1. d4 d5 2. Bf4 Nf6 3. e3 c5 4. c3 Nc6 5. Nd2 e6 6. Ngf3 Bd6 7. Bxd6 Qxd6 8. dxc5 Qxc5 9. Bd3 O-O 10. O-O h6 11. Qe2 Qb6 12. Nb3 Bd7 13. h3 Rac8 14. Rfd1 Rfd8 15. Rac1 Na5 16. Nxa5 Qxa5 17. Ne5 Be8 18. Bb1 Qc7 19. f4 b5 20. Rd4 Rd6 21. Rf1 Rb6 22. Qf2 Nd7 23. Qg3 Nxe5 24. fxe5 f5 25. Bxf5 exf5 26. Rxf5 Bg6 27. Rff4 Be4 28. Rd2 Rg6 29. Qh4 Qxe5 30. Rdf2 Qg5 31. Qxg5 Rxg5 32. Rf7 Rxg2+ 33. Kf1 Rxf2+ 34. Rxf2 Rf8 35. Rxf8+ Kxf8 36. Kf2 g5 0-1

[Event "CAN-op U2200"]
[Site "Sault Ste Marie CAN"]
[Date "2017.07.15"]
[Round "8"]
[White "Calvelo, Jelvis"]
[Black "Kang, Dorian"]
[Result "1-0"]
[WhiteElo "2187"]
[BlackElo "2026"]
[WhiteFideId "-1"]
[WhiteFideId "-1"]
[PlyCount "143"]
[GameId "2160767908344337"]
[EventDate "2017.07.08"]
[EventType "swiss"]
[EventRounds "9"]
[EventCountry "CAN"]
[SourceTitle "EXT 2022"]
[Source "ChessBase"]
[SourceDate "2021.10.06"]
[SourceVersion "1"]
[SourceVersionDate "2021.10.06"]
[SourceQuality "1"]

1. c4 e5 2. Nc3 f5 3. g3 Nf6 4. Nf3 d6 5. d3 Be7 6. Bg2 O-O 7. O-O Qe8 8. Bg5 Nbd7 9. Nh4 h6 10. Bxf6 Nxf6 11. e4 f4 12. Nf5 Bxf5 13. exf5 c6 14. gxf4 exf4 15. Qf3 Nh5 16. Bh3 Bg5 17. Rae1 Qf7 18. Re6 Rfe8 19. Ne4 Rxe6 20. fxe6 Qg6 21. Kh1 Nf6 22. Nxd6 Rd8 23. Nf5 Qh5 24. Qxh5 Nxh5 25. Re1 g6 26. e7 Re8 27. Nd6 Rxe7 28. Rxe7 Bxe7 29. Nxb7 Nf6 30. c5 g5 31. Bg2 Nd7 32. d4 Nb8 33. d5 cxd5 34. Bxd5+ Kf8 35. b4 Na6 36. a3 Ke8 37. Bc4 Nc7 38. b5 Kd7 39. a4 Kc8 40. c6 Bf6 41. Kg2 Bd4 42. Nd6+ Kb8 43. Nf5 Bc5 44. Nxh6 a6 45. f3 axb5 46. axb5 Ka7 47. Nf7 Be7 48. Kh3 Kb6 49. Kg4 Kc5 50. Bf1 Ne6 51. Kf5 Nd4+ 52. Ke4 Ne6 53. Ne5 Bd8 54. Nd3+ Kd6 55. Bh3 Nc5+ 56. Nxc5 Kxc5 57. Bf1 Bc7 58. Kf5 Bd8 59. c7 Bxc7 60. Kxg5 Kd5 61. h4 Ke6 62. Kg6 Ke7 63. Bc4 Kf8 64. h5 Be5 65. h6 Ke7 66. b6 Kd7 67. Bd5 Kc8 68. b7+ Kc7 69. Kf7 Kb6 70. h7 Ka7 71. Kg8 Kb8 72. h8=Q 1-0